Il Maestro e Margherita /

Uloženo v:
Podrobná bibliografie
Hlavní autor: Bulgakov, Mihail Afanasʹevič
Médium: Kniha
Vydáno: I Garzanti
Tagy: Přidat tag
Žádné tagy, Buďte první, kdo vytvoří štítek k tomuto záznamu!

MARC

LEADER 00000nam a22000007i 4500
001 R-848
003 CODICE-MESSINA
005 20260505153931.0
008 240909s2022 it |||||| ||||| |||||c
040 |c importazione_messina 
100 |a Bulgakov, Mihail Afanasʹevič 
245 0 |a Il Maestro e Margherita /  |c Michail Bulgakov 
260 |b I Garzanti 
942 |2 ddc  |c BK 
952 |0 0  |1 0  |2 ddc  |4 0  |6 SCAFFALE_7_000000000000000__ROMANZI  |7 0  |9 31675  |a ME  |b ME  |d 2026-02-11  |l 0  |o SCAFFALE 7 - ROMANZI  |p R-848  |r 2026-02-11 23:52:42  |w 2026-02-11  |x [REVISIONARE]  |y BK 
999 |c 27340  |d 27340